000 01032cab a2200229 4500
001 L136272
008 070122n2007 000 0 eng u
035 _a(Sirsi) u136272
041 0 _aeng
100 1 _aEdge, Jeremy
245 0 4 _aThe tools to fashion a brave new system
260 _c2007
490 0 _aEstates Gazette
_v(0703) 20 January 2007, 116-119(4)
520 _aLooks at Kate Barker's final report on the land use system in England and asks whether its 30 recommendations will deliver what they promise. Covers the cost of planning to business, the delivery of major infrastructure, and the use of land throughout England. Sounds a note of caution on the need for proper skills and training for those who have to implement the system.
590 _aKA
650 2 4 _aBARKER REVIEW OF LAND USE PLANNING
650 2 4 _aPLANNING GAIN SUPPLEMENT
651 4 _aEngland
_y886-
690 _aENVIRONMENTAL AND LAND CONSULTANCY-PLANNING AND DEVELOPMENT-STRATEGIC PLANNING
700 1 _aOosthuizen, Riette
942 _n0
999 _c78221
_d78221